| 000 | 00315nam a2200109Ia 4500 | ||
|---|---|---|---|
| 008 | 190902s9999||||xx |||||||||||||| ||und|| | ||
| 100 | _aDonald M. Vickery, | ||
| 245 | 0 | _aTake Care of Yourself The Complete Illustrated Guide to Medical Self-Care | |
| 260 |
_aLondon _bPrentice Hall _c1995 |
||
| 300 | _a380 | ||
| 942 | _cBK | ||
| 999 |
_c2900 _d2900 |
||